غالب اور فن تنقیر / (Record no. 172426)

MARC details
000 -LEADER
fixed length control field 00595nam a22001937a 4500
005 - DATE AND TIME OF LATEST TRANSACTION
control field 20200205122426.0
010 ## - LCCN (DPL NO)
LC control number 884809
020 ## - INTERNATIONAL STANDARD BOOK NUMBER
Terms of availability 25.00
035 ## - SYSTEM CONTROL NUMBER
System control number 884809
037 ## - SOURCE OF ACQUISITION
Source of stock number/acquisition BPPD/Pub.
082 ## - DEWEY DECIMAL CLASSIFICATION NUMBER
Classification number 841.08
100 ## - MAIN ENTRY--PERSONAL NAME
Personal name اخلاق حسین عارف
245 ## - TITLE STATEMENT
Title غالب اور فن تنقیر /
Statement of responsibility, etc اخلاق حسین عارف
246 ## - VARYING FORM OF TITLE
Title proper/short title Ghalib Aur Fann Tanqeer (Urdu) /
Remainder of title by Akhlaq Hussain Arif
260 ## - PUBLICATION, DISTRIBUTION, ETC. (IMPRINT)
Place of publication, distribution, etc New Delhi
Name of publisher, distributor, etc Ghalib Academy
Date of publication, distribution, etc 1977 ء
270 ## - ADDRESS
Address Basti Hazrat Nizamuddin
City Delhi
300 ## - PHYSICAL DESCRIPTION
Extent 416p.
Dimensions 21cm(Hb)
942 ## - ADDED ENTRY ELEMENTS (KOHA)
Source of classification or shelving scheme Dewey Decimal Classification
Item type Urdu Bks
Classification part 841.08
Call number suffix ا خ ل
Holdings
Withdrawn status Lost status Not for loan Collection code Home library Current library Date acquired Source of acquisition Cost, normal purchase price Full call number Barcode Copy number Cost, replacement price Koha item type
      Non-fiction Central Library Central Library 05/02/2020 BPPD/Ven. 25.00 841.08 ا خ ل 884809 1 25.00 Urdu Bks

© Delhi Public Library
Hit Counter
free hit counter